000 00510nam a22001577a 4500
020 _qHard Cover.
082 _a610.28
100 _aMir,Mariam
245 _aDesign Fabrication and Testing of a Novel Multifunctional Wound Healing Device /
_cMariam Mir.
300 _a52 p. : ill. :
_c30cm.
650 _aMs Thesis.
_918721
700 _aDr. Umar Ansari.
_916112
856 _uhttp://10.250.8.41:8080/xmlui/handle/123456789/6155
942 _2ddc
_cTHE
999 _c529398
_d529398